| 000 | 00559nam a2200229Ia 4500 | ||
|---|---|---|---|
| 003 | LK-CoDNM | ||
| 005 | 20240913105417.0 | ||
| 008 | 010623t1928 xxu||||| |||| 00| 1 eng d | ||
| 040 |
_aLK-CoDNM _dLK-CoDNM _eLK-CoDNM |
||
| 041 | _aeng | ||
| 080 |
_a14 _bC26 |
||
| 100 | _aBlaze,L.E. | ||
| 245 | _aThe Story of Lanka | ||
| 260 |
_bThe Christian Literature Society _aColombo _c1928 |
||
| 300 | _b152p. : 18 cm | ||
| 650 | _aAbhayagiri Vihara | ||
| 650 | _aElara | ||
| 650 | _aHistory | ||
| 650 | _aRama Sita | ||
| 650 | _aVijaya Bahu | ||
| 942 | _cBK | ||
| 999 |
_c94392 _d94392 |
||